Normal view
MARC view
Entry Personal Name
001 - CONTROL NUMBER
- control field: 3771
003 - CONTROL NUMBER IDENTIFIER
- control field: AM-YEHGA
005 - DATE AND TIME OF LATEST TRANSACTION
- control field: 20250617070446.0
008 - FIXED-LENGTH DATA ELEMENTS
- fixed length control field: 090511 a|ac|n|aab||||||||||||a |n|||||||
040 ## - CATALOGING SOURCE
- Original cataloging agency: AM-YEHGA
100 1# - HEADING--PERSONAL NAME
- Personal name: Միրզոյան, Գարեգին Իվանի,
- Dates associated with a name: 1902-1990
400 1# - SEE FROM TRACING--PERSONAL NAME
- Personal name: Միրզոյան, Գարեգին Իվանի
400 1# - SEE FROM TRACING--PERSONAL NAME
- Personal name: Мирзоян, Гарегин Иванович,
- Dates associated with a name: 1902-1990
400 1# - SEE FROM TRACING--PERSONAL NAME
- Personal name: Мирзоян, Г.И.
- Fuller form of name: (Гарегин Иванович),
- Dates associated with a name: 1902-1990
400 1# - SEE FROM TRACING--PERSONAL NAME
- Personal name: Мирзоян, Г.И.
400 1# - SEE FROM TRACING--PERSONAL NAME
- Personal name: Mirzoyan, Garegin Hovhannesi,
- Dates associated with a name: 1902-1990
400 1# - SEE FROM TRACING--PERSONAL NAME
- Personal name: Mirzoyan, Garegin Hovhannesi
670 ## - SOURCE DATA FOUND
- Source citation: Ով ով է. հայեր, կենսագրական հանրագիտարան, 2007 :
- Information found: Միրզոյան Գարեգին Իվանի (Հովհաննեսի) [1902, Թիֆլիս - 25.6.1990, Երևան], նյարդախտաբան: Բժշկ. գիտ. դ-ր (1957), պրոֆ. (1958): ՀԽՍՀ գիտ. վաստ. գործիչ (1961):
670 ## - SOURCE DATA FOUND
- Source citation: Նյարդաբանական սինդրոմներ, 1990 :
- Information found: տիտղթ. (Գարեգին Իվանի Միրզոյան)
670 ## - SOURCE DATA FOUND
- Source citation: Краткое пособие по травматическим поражениям периферической нервной системы конечностей :Клиника нерв. болезней : В помощь врачам эвакогоспиталей, 1944 :
- Information found: т.л. (Г.И. Мирзоян)
ՀՀ Գիտությունների ազգային ակադեմիայի հիմնարար գիտական գրադարան = Fundamental Scientific Library of NAS RA
All site content, except where otherwise noted, is licensed under a